000 00678nas a2200241Ia 4500
001 A07/R085-8576 [r000005808]
003 IT-MiCISF
005 20230301113244.0
008 161014c99999999xx |||||||||||| ||und||
040 _aIT-MiCISF
_cIT-MiCISF
041 _aITALIANO
100 _aBonomi Gabriele
_959455
245 0 _aE' lecito regolare la fertilità o bisogna regolarsi su di essa?
250 _a"La coppia giovane", n. 3, luglio
260 _c1991
300 _app. 24-30
362 _a
500 _a procreazione-artificiale, procreazione-responsabile, morale
650 _aProcreazione
_956309
654 _aarticolo
942 _cCR
_2ddc
999 _c236972
_d236972
999 _bSi